[Event "Budapest FS12 FM-B"]
[Site "Budapest"]
[Date "2014.12.07"]
[Round "2"]
[White "Hatala, Sandor"]
[Black "Takacs, Zsolt Otto"]
[Result "1/2-1/2"]
[WhiteElo "1866"]
[BlackElo "1782"]
[PlyCount "127"]
[EventDate "2014.12.06"]
[EventType "tourn"]
[EventRounds "9"]
[EventCountry "HUN"]
[SourceTitle "CBM 163 Extra"]
[Source "ChessBase"]
[SourceDate "2014.12.23"]
[SourceVersion "1"]
[SourceVersionDate "2014.12.23"]
[SourceQuality "1"]

1. d4 Nf6 2. Nf3 g6 3. Bf4 Bg7 4. e3 d5 5. Bd3 0-0 6. h3 b6 7. Nbd2 Bb7 8. 0-0 Ne4 9. Nh2 Nxd2 10. Qxd2 Nd7 11. Nf3 c5 12. c3 Re8 13. Bb5 a6 14. Bxd7 Qxd7 15. Ne5 Bxe5 16. Bxe5 c4 17. Bg3 b5 18. f3 Rad8 19. Rae1 f6 20. Qc2 e5 21. dxe5 fxe5 22. Rd1 Qf5 23. Qxf5 gxf5 24. Bh4 Rd6 25. Rf2 Kf7 26. Rfd2 Rg8 27. Kf2 Rh6 28. g3 f4 29. exf4 exf4 30. Rd4 fxg3+ 31. Bxg3 Rxh3 32. Rf4+ Kg7 33. Re1 Kh8 34. Rg4 Rxg4 35. fxg4 Bc6 36. Re7 Rh6 37. g5 Rg6 38. Bf4 a5 39. Ke3 Kg8 40. Kd4 Kf8 41. Rxh7 Re6 42. Be5 b4 43. Rh6 Kf7 44. Rxe6 Kxe6 45. g6 Be8 46. g7 Bf7 47. cxb4 axb4 48. Bg3 Kf6 49. Be5+ Ke6 50. Bf4 Kf6 51. Bd6 c3 52. bxc3 bxc3 53. Be5+ Kf5 54. Bd6 c2 55. Ba3 Kf6 56. Kc5 Kxg7 57. Bb2+ Kg6 58. a4 Kf5 59. a5 Ke4 60. Kb4 d4 61. Bc1 Bd5 62. Ka3 Kd3 63. Kb2 Be4 64. Bh6 1/2-1/2

[Event "Budapest FS10 FM-B"]
[Site "Budapest"]
[Date "2013.10.12"]
[Round "8"]
[White "Takacs, Zsolt Otto"]
[Black "Mayer, Istvan"]
[Result "0-1"]
[WhiteElo "1800"]
[BlackElo "2068"]
[PlyCount "50"]
[EventDate "2013.10.05"]
[EventType "tourn"]
[EventRounds "11"]
[EventCountry "HUN"]
[SourceTitle "EXT 2014"]
[Source "ChessBase"]
[SourceDate "2013.11.20"]
[SourceVersion "1"]
[SourceVersionDate "2013.11.20"]
[SourceQuality "1"]

1. e4 e5 2. Nf3 Nc6 3. Nc3 a6 4. Bc4 h6 5. 0-0 Bc5 6. a4 d6 7. h3 g5 8. g4 Nge7 9. Ne2 Ng6 10. c3 Ba7 11. d4 Qf6 12. Ng3 Nf4 13. Bxf4 gxf4 14. Nh5 Qe7 15. Ng7+ Kf8 16. Nh5 Rg8 17. Kh2 Rxg4 18. Rg1 Rg6 19. Qd3 Nd8 20. Rg2 Rxg2+ 21. Kxg2 Ne6 22. dxe5 dxe5 23. Rd1 Ng5 24. Ng1 Be6 25. h4 Qc5 0-1

[Event "Budapest FS10 FM-B"]
[Site "Budapest"]
[Date "2013.10.10"]
[Round "6"]
[White "Takacs, Zsolt Otto"]
[Black "Lukacs, Albert"]
[Result "1-0"]
[WhiteElo "1800"]
[BlackElo "1921"]
[PlyCount "81"]
[EventDate "2013.10.05"]
[EventType "tourn"]
[EventRounds "11"]
[EventCountry "HUN"]
[SourceTitle "EXT 2014"]
[Source "ChessBase"]
[SourceDate "2013.11.20"]
[SourceVersion "1"]
[SourceVersionDate "2013.11.20"]
[SourceQuality "1"]

1. e4 c5 2. Nf3 e6 3. d4 cxd4 4. Nxd4 a6 5. Bd3 Qc7 6. 0-0 Nc6 7. Be3 Nf6 8. c4 Ne5 9. Bf4 Bd6 10. Nc3 Nxd3 11. Bxd6 Qxd6 12. Qxd3 e5 13. Qg3 g6 14. Nf3 0-0 15. Qxe5 Qxe5 16. Nxe5 Re8 17. Nd3 b5 18. cxb5 Nxe4 19. Rfe1 Nd6 20. Rxe8+ Nxe8 21. bxa6 Rxa6 22. a4 d6 23. b4 Nc7 24. b5 Ra5 25. Nb4 Bb7 26. Rd1 d5 27. f3 Kf8 28. Kf2 Ke8 29. Ke3 f6 30. Nbxd5 Nxd5+ 31. Nxd5 Bxd5 32. Rxd5 Rxa4 33. Kd3 Ke7 34. Rc5 Kd7 35. Rc4 Ra3+ 36. Kd4 Rb3 37. Kc5 Kc7 38. Re4 Rc3+ 39. Kb4 Rc2 40. Rc4+ Rxc4+ 41. Kxc4 1-0

[Event "Budapest FS10 FM-B"]
[Site "Budapest"]
[Date "2013.10.05"]
[Round "1"]
[White "Bacsi, Andras"]
[Black "Takacs, Zsolt Otto"]
[Result "0-1"]
[WhiteElo "1845"]
[BlackElo "1800"]
[PlyCount "66"]
[EventDate "2013.10.05"]
[EventType "tourn"]
[EventRounds "11"]
[EventCountry "HUN"]
[SourceTitle "EXT 2014"]
[Source "ChessBase"]
[SourceDate "2013.11.20"]
[SourceVersion "1"]
[SourceVersionDate "2013.11.20"]
[SourceQuality "1"]

1. e4 c5 2. Nf3 d6 3. d4 cxd4 4. Nxd4 Nf6 5. Nc3 a6 6. Bd3 e5 7. Nb3 h6 8. 0-0 Be6 9. Be3 b5 10. h3 Nbd7 11. Qe2 Be7 12. Rad1 0-0 13. f4 Qc7 14. f5 Bc4 15. Qf2 b4 16. Bxc4 Qxc4 17. Nd5 Nxd5 18. exd5 Nf6 19. Qd2 Rfc8 20. Na5 Qb5 21. Nc6 Bf8 22. Na7 Qa4 23. Nxc8 Rxc8 24. c3 bxc3 25. bxc3 Ne4 26. Qe1 Rxc3 27. Bc1 Rc2 28. a3 Qc4 29. Qe3 Nc3 30. Rde1 Be7 31. Qa7 Bh4 32. Re3 Ne2+ 33. Kh2 Nf4 0-1